Khai thác kỹ thuật thiết kế mới của ôtô Nhật Bản /

Đã lưu trong:
书目详细资料
主要作者: Đinh Ngọc Ân
格式: 图书
语言:Vietnamese
出版: H : Khoa học và kỹ thuật , 1995
版:In lần thứ 1
主题:
标签: 添加标签
没有标签, 成为第一个标记此记录!
Thư viện lưu trữ: Thư viện Trường CĐ Kỹ Thuật Cao Thắng
LEADER 00723nam a2200205 a 4500
001 TVCDKTCT140
003 Thư viện trường Cao đẳng Kỹ thuật Cao Thắng
005 20050730000000
008 050730
980 \ \ |a Thư viện Trường CĐ Kỹ Thuật Cao Thắng 
024 |a RG_1 #1 eb0 i1 
041 0 # |a vie 
082 # # |a 629.231 /   |b Đ321A-kh 
100 1 # |a Đinh Ngọc Ân 
245 0 0 |a Khai thác kỹ thuật thiết kế mới của ôtô Nhật Bản /  |c Đinh Ngọc Ân 
250 # # |a In lần thứ 1 
260 # # |a H :  |b Khoa học và kỹ thuật ,  |c 1995 
300 # # |a 135tr. ;  |c 24cm 
650 # 4 |a Ô tô 
650 # 4 |a Khai thác -- kết cấu mới-- Nhật Bản